| 000 -LEADER |
| fixed length control field |
01856cam a2200361 i 4500 |
| 001 - CONTROL NUMBER |
| control field |
17634203 |
| 005 - DATE AND TIME OF LATEST TRANSACTION |
| control field |
20220707133113.0 |
| 008 - FIXED-LENGTH DATA ELEMENTS--GENERAL INFORMATION |
| fixed length control field |
130222s2013 enka b 001 0 eng |
| 010 ## - LIBRARY OF CONGRESS CONTROL NUMBER |
| LC control number |
2012046477 |
| 020 ## - INTERNATIONAL STANDARD BOOK NUMBER |
| International Standard Book Number |
9781119717270(cloth) |
| 040 ## - CATALOGING SOURCE |
| Original cataloging agency |
DLC |
| Language of cataloging |
eng |
| Transcribing agency |
DLC |
| Description conventions |
rda |
| Modifying agency |
DLC |
| 042 ## - AUTHENTICATION CODE |
| Authentication code |
pcc |
| 050 00 - LIBRARY OF CONGRESS CALL NUMBER |
| Classification number |
T11 |
| Item number |
.C327 2013 |
| 080 ## - UNIVERSAL DECIMAL CLASSIFICATION NUMBER |
| Universal Decimal Classification number |
81'35 C-21 |
| 100 1# - MAIN ENTRY--PERSONAL NAME |
| Personal name |
Cargill, Margaret. |
| 9 (RLIN) |
14313 |
| 245 10 - TITLE STATEMENT |
| Title |
Writing scientific research articles : |
| Remainder of title |
strategy and steps / |
| Statement of responsibility, etc. |
Margaret Cargill, BA, DipEd, MEd(TESOL), DEd, School of Agriculture Food and Wine, The University of Adelaide, Adelaide, South Australia 5005, Australia, Patrick O'Connor. BSc, PhD, School of Earth and Environmental Sciences, The University of Adelaide, Adelaide, South Australia 5005, Australia; , |
| 250 ## - EDITION STATEMENT |
| Edition statement |
third edition. |
| 264 #1 - PRODUCTION, PUBLICATION, DISTRIBUTION, MANUFACTURE, AND COPYRIGHT NOTICE |
| Place of production, publication, distribution, manufacture |
Hoboken, NJ : |
| Name of producer, publisher, distributor, manufacturer |
Wiley-Blackwell, |
| Date of production, publication, distribution, manufacture, or copyright notice |
2021. |
| 300 ## - PHYSICAL DESCRIPTION |
| Extent |
xii, 235 pages : |
| Other physical details |
illustrations ; |
| Dimensions |
29 cm |
| 336 ## - CONTENT TYPE |
| Content type term |
text |
| Source |
rdacontent |
| 337 ## - MEDIA TYPE |
| Media type term |
unmediated |
| Source |
rdamedia |
| 338 ## - CARRIER TYPE |
| Carrier type term |
volume |
| Source |
rdacarrier |
| 504 ## - BIBLIOGRAPHY, ETC. NOTE |
| Bibliography, etc. note |
Includes bibliographical references (pages 217-218) and index. |
| 650 #0 - SUBJECT ADDED ENTRY--TOPICAL TERM |
| Topical term or geographic name entry element |
Technical writing. |
| 9 (RLIN) |
14314 |
| 650 #0 - SUBJECT ADDED ENTRY--TOPICAL TERM |
| Topical term or geographic name entry element |
Research. |
| 9 (RLIN) |
14315 |
| 650 #0 - SUBJECT ADDED ENTRY--TOPICAL TERM |
| Topical term or geographic name entry element |
Science news. |
| 9 (RLIN) |
14316 |
| 653 ## - INDEX TERM--UNCONTROLLED |
| keyword |
აკადემიური წერა. ტექნიკური წერა. კვლევა. მეცნიერების სიახლეები. |
| 700 1# - ADDED ENTRY--PERSONAL NAME |
| Personal name |
O'Connor, Patrick, |
| Dates associated with a name |
1967- |
| 9 (RLIN) |
14317 |
| 776 08 - ADDITIONAL PHYSICAL FORM ENTRY |
| Relationship information |
Online version: |
| Main entry heading |
Cargill, Margaret. |
| Title |
Writing scientific articles |
| Edition |
Second edition. |
| Place, publisher, and date of publication |
Chichester, West Sussex, UK : John Wiley & Sons Inc., 2013 |
| International Standard Book Number |
9781118570661 |
| Record control number |
(DLC) 2013007642 |
| 906 ## - LOCAL DATA ELEMENT F, LDF (RLIN) |
| a |
7 |
| b |
cbc |
| c |
orignew |
| d |
1 |
| e |
ecip |
| f |
20 |
| g |
y-gencatlg |
| 942 ## - ADDED ENTRY ELEMENTS (KOHA) |
| Source of classification or shelving scheme |
|
| Koha item type |
წიგნი |